Covers in general measurement problem; Joint Conference - 1996: IEEE Instrumentation and Measurement Technology Conference & IMEKO Technical Committee 7; Quality Measurements: The Indispensable Bridgebetween Theory and Reality (No Measurements? No Science!); Vol. 2

Бібліографічні деталі
Parent link:Joint Conference - 1996: IEEE Instrumentation and Measurement Technology Conference & IMEKO Technical Committee 7
Quality Measurements: The Indispensable Bridgebetween Theory and Reality (No Measurements? No Science!): Conference Proceedings, Brussels, Belgium June 4-6, 1996
Vol. 2.— 1996.— [P. 1237-1242]
Автор: Muravyov (Murav’ev) S. V. Sergey Vasilyevich
Інші автори: Savolainen V.
Резюме:Title screen
It is shown that in forms of the representational theory the General Measurement Problem (GMP) can be treated as discrete optimization problem. Moreover, particular discrete optimization problems appear at every stage of the GMP solution. There is a sufficiently compact family of problems that is universal to a considerable extent. They permit to manage many concrete practical tasks appearing in the arrangement of the measurement process with both quantitative and qualitative scales. It is demonstrated that these universal problems are covering problems. Several variants of these problems are discussed in context of measurement with numerical examples. This approach allows also to consider from an integrated point of view any kind of functions of measurement information systems: the check, the diagnosis and the pattern recognition.
Режим доступа: по договору с организацией-держателем ресурса
Мова:Англійська
Опубліковано: 1996
Предмети:
Онлайн доступ:https://doi.org/10.1109/IMTC.1996.507569
Формат: MixedMaterials Електронний ресурс Частина з книги
KOHA link:https://koha.lib.tpu.ru/cgi-bin/koha/opac-detail.pl?biblionumber=666391

MARC

LEADER 00000naa0a2200000 4500
001 666391
005 20250215153629.0
035 |a (RuTPU)RU\TPU\network\37595 
035 |a RU\TPU\network\37585 
090 |a 666391 
100 |a 20211221d1996 k||y0rusy50 ba 
101 0 |a eng 
102 |a US 
135 |a drcn ---uucaa 
181 0 |a i  
182 0 |a b 
200 1 |a Covers in general measurement problem  |f S. V. Muravyov (Murav’ev), V. Savolainen 
203 |a Text  |c electronic 
300 |a Title screen 
320 |a [References: 17 tit.] 
330 |a It is shown that in forms of the representational theory the General Measurement Problem (GMP) can be treated as discrete optimization problem. Moreover, particular discrete optimization problems appear at every stage of the GMP solution. There is a sufficiently compact family of problems that is universal to a considerable extent. They permit to manage many concrete practical tasks appearing in the arrangement of the measurement process with both quantitative and qualitative scales. It is demonstrated that these universal problems are covering problems. Several variants of these problems are discussed in context of measurement with numerical examples. This approach allows also to consider from an integrated point of view any kind of functions of measurement information systems: the check, the diagnosis and the pattern recognition. 
333 |a Режим доступа: по договору с организацией-держателем ресурса 
461 |t Joint Conference - 1996: IEEE Instrumentation and Measurement Technology Conference & IMEKO Technical Committee 7 
461 |t Quality Measurements: The Indispensable Bridgebetween Theory and Reality (No Measurements? No Science!)  |o Conference Proceedings, Brussels, Belgium June 4-6, 1996 
463 |t Vol. 2  |v [P. 1237-1242]  |d 1996 
610 1 |a электронный ресурс 
610 1 |a труды учёных ТПУ 
700 1 |a Muravyov (Murav’ev)  |b S. V.  |c specialist in the field of control and measurement equipment  |c Professor of Tomsk Polytechnic University,Doctor of technical sciences  |f 1954-  |g Sergey Vasilyevich  |3 (RuTPU)RU\TPU\pers\31262  |9 15440 
701 1 |a Savolainen  |b V. 
801 2 |a RU  |b 63413507  |c 20211221  |g RCR 
856 4 |u https://doi.org/10.1109/IMTC.1996.507569 
942 |c CF